| 000 | 00341 a2200145 4500 | ||
|---|---|---|---|
| 003 | Nust | ||
| 005 | 20170207154219.0 | ||
| 040 | _cNust | ||
| 082 | _a050 | ||
| 100 | _aPatron Malik, Shahzad Alam Maj Gen | ||
| 245 |
_aQasid - 1996 _cMaj Gen Shahzada Alam Malik |
||
| 260 |
_aRwp _bMCS _c1996 |
||
| 300 | _a142 p. | ||
| 538 | _aAlmirah No. 136 Shelf No.1 | ||
| 942 | _cMAGS | ||
| 999 |
_c195202 _d195202 |
||